Teplo ruk

Bibliographic Details
Main Author: Kosteckyj, Anatolij (Author)
Other Authors: Cisárová, Viera (gup)
Format: Article
Language:Ukrainian
Subjects:

MARC

LEADER 00000nab a2200000 a 4500
001 vtls000242801
003 SK-MaSNL
005 20260302211827.0
008 111130c1986 xo 0 ukr
015 |a SNBRB19rr/mm-uuuuu 
035 |a CL0252915 
040 |a SNKBUCL  |b slo  |c SNKBUCL  |e AACR2 
041 0 |a ukr 
044 |a xo  |c SK 
080 |a 883-1(087.5)=83  |2 1981 
100 1 |a Kosteckyj, Anatolij  |4 aut  |9 921281 
245 1 0 |a Teplo ruk  |c Anatolij Kosteckyj ; Viera Cisárová 
500 |a V rubrike Čytanočka dlja najmenšych. 
650 0 7 |a básne reflexívne  |2 snkbucl  |9 898242 
655 7 |a články z novín a časopisov  |2 snkbucl  |9 267496 
655 7 |a články z odboru literárna veda a krásna literatúra  |2 snkbucl  |9 770045 
700 1 |a Cisárová, Viera  |4 gup  |9 926421 
773 0 |t Veselka  |g Roč. 35, č. 12 (1986), s. 7 
850 |a Slovenská národná knižnica v Martine  |a MTA001 
852 |a SNK  |b KIS3GCP 
958 |a RK 
958 |a LX 
958 |a SU 
992 |a RBX 
999 |c 1486529  |d 1488459